Repaso a la teoría económica / (Registro nro. 5434)

Detalles MARC
000 -LEADER
fixed length control field 01082nam a2200253Ia 4500
003 - CONTROL NUMBER IDENTIFIER
control field OSt
005 - DATE AND TIME OF LATEST TRANSACTION
control field 20200604143521.0
008 - FIXED-LENGTH DATA ELEMENTS--GENERAL INFORMATION
fixed length control field 191128s1946 mx gr 000 0 spa d
040 ## - CATALOGING SOURCE
Original cataloging agency CO-JMCR
Transcribing agency CO-JMCR
041 0# - LANGUAGE CODE
Language code of text/sound track or separate title spa
Language code of original eng
082 04 - DEWEY DECIMAL CLASSIFICATION NUMBER
Classification number 330.1 /
Item number C155r
Edition number 23
100 1# - MAIN ENTRY--PERSONAL NAME
Personal name Cannan, Edwin,
Relator term autor
9 (RLIN) 4963
245 10 - TITLE STATEMENT
Title Repaso a la teoría económica /
Statement of responsibility, etc. Edwin Cannan ; versión española de Javier Márquez
250 ## - EDITION STATEMENT
Edition statement Segunda edición
260 ## - PUBLICATION, DISTRIBUTION, ETC.
Place of publication, distribution, etc. México :
Name of publisher, distributor, etc. Fondo de Cultura Económica,
Date of publication, distribution, etc. 1946
300 ## - PHYSICAL DESCRIPTION
Extent 406 páginas ;
Dimensions 23 cm.
490 0# - SERIES STATEMENT
Series statement Sección de obras de economía / Daniel Cosío Villegas
505 ## - FORMATTED CONTENTS NOTE
Formatted contents note Orígenes de la teoría económica -- La expresión "teoría económica" -- La teoría de la producción -- Influencia de la población sobre el producto -- Influencia de la cooperación sobre el producto -- Influencia de la acumulación sobre el producto
546 ## - LANGUAGE NOTE
Language note Traducido del inglés
650 14 - SUBJECT ADDED ENTRY--TOPICAL TERM
Topical term or geographic name entry element Teoría económica
9 (RLIN) 4964
650 24 - SUBJECT ADDED ENTRY--TOPICAL TERM
Topical term or geographic name entry element Producción Valor
General subdivision Economía
9 (RLIN) 4965
700 1# - ADDED ENTRY--PERSONAL NAME
Personal name Márquez, Javier,
Relator term traductor
9 (RLIN) 4628
942 ## - ADDED ENTRY ELEMENTS (KOHA)
Source of classification or shelving scheme Dewey Decimal Classification
Koha item type Books
Existencias
Withdrawn status Lost status Source of classification or shelving scheme Materials specified (bound volume or other part) Damaged status Not for loan Home library Current library Shelving location Date acquired Source of acquisition Cost, normal purchase price Total Checkouts Full call number Barcode Date last seen Date last checked out Copy number Price effective from Koha item type
    Dewey Decimal Classification Donación--15/04/2018--     Biblioteca Pública José María del Castillo y Rada Biblioteca Pública José María del Castillo y Rada General Stacks 11/28/2019 Donación 0.00 1 330.1 / C155r 430001905 07/08/2025 07/07/2025 Ej.1 11/28/2019 Books